The Most Active Sponsors of the European Soccer - Statistics

General Stats
  • This quiz has been taken 45 times
  • The average score is 2 of 10
Answer Stats
% Answer % Correct
19 Adidas
90%
22 Nike
90%
33 Coca Cola
22%
10 Carlsberg
2%
Volkswagen
2%
11 beIN Sports
0%
9 Electronic Arts
0%
14 France Telecom
0%
9 Sky
0%
16 Telecom Italia
0%
No matching quizzes found
Score Distribution
Percent of People with Each Score
Percentile by Number Answered
Your Score History
You have not taken this quiz